| Tag |
First Indicator |
Second Indicator |
Subfields |
| LEADER |
00000cgm a2200000Ma 4500 |
| 001 |
in00005532621 |
| 006 |
m c |
| 007 |
vz |zazu| |
| 008 |
130227s1990 enk084 g o vleng d |
| 005 |
20241201225259.6 |
| 035 |
|
|
|a (OCoLC)ocn849668803
|
| 040 |
|
|
|a ALSTP
|b eng
|e pn
|c ALSTP
|d OCLCO
|d OCLCQ
|d CUS
|d COO
|d OCLCO
|d CUS
|d OCLCO
|d OCLCF
|d U3G
|d OCLCO
|d OCL
|d OCLCQ
|d OCLCO
|d S3O
|d OCLCQ
|d NRC
|d OCLCQ
|d EZ9
|d STF
|d OCLCA
|d SNN
|d INT
|d ESEHU
|d AU@
|d OCLCQ
|d WYU
|d YOU
|d MTU
|d OCLCQ
|d VLB
|d OCLCO
|d ORU
|d OCLCO
|d OCLCL
|d OCLCQ
|d NUI
|d OCLCO
|
| 019 |
|
|
|a 908387086
|a 1058608548
|a 1085198706
|a 1259203342
|a 1373490901
|a 1430819176
|a 1443979388
|
| 028 |
5 |
3 |
|a 1879832
|
| 035 |
|
|
|a (OCoLC)849668803
|z (OCoLC)908387086
|z (OCoLC)1058608548
|z (OCoLC)1085198706
|z (OCoLC)1259203342
|z (OCoLC)1373490901
|z (OCoLC)1430819176
|z (OCoLC)1443979388
|
| 043 |
|
|
|a lnfa---
|
| 050 |
|
4 |
|a GN303
|
| 050 |
1 |
4 |
|a DL271.F24
|b S48 1990ev
|
| 049 |
|
|
|a TXAM
|
| 245 |
0 |
0 |
|a 1700 metres from the future.
|
| 260 |
|
|
|a London, UK :
|b Royal Anthropological Institute,
|c 1990.
|
| 300 |
|
|
|a 1 online resource (84 min.).
|
| 306 |
|
|
|a 012415
|
| 336 |
|
|
|a two-dimensional moving image
|b tdi
|2 rdacontent
|
| 337 |
|
|
|a computer
|b c
|2 rdamedia
|
| 338 |
|
|
|a online resource
|b cr
|2 rdacarrier
|
| 344 |
|
|
|a digital
|g stereo
|2 rda
|
| 347 |
|
|
|a streaming video file
|
| 490 |
0 |
|
|a Academic Video Online
|
| 500 |
|
|
|a Title from resource description page (viewed Feb. 27, 2013).
|
| 520 |
|
|
|a Inhabitants of an isolated settlement called Gásadalur (on the Faroe Islands in the North Atlantic) discuss the pending tunnel planned to connect them to the rest of the island. They share their outlooks concerning the future impact it will have on their present way of life and living conditions.
|
| 546 |
|
|
|a This edition in English and an undetermined language with English subtitles.
|
| 651 |
|
0 |
|a Gásadalur (Faroe Islands)
|x Social conditions.
|
| 651 |
|
0 |
|a Faroe Islands.
|
| 650 |
|
4 |
|a Faroese.
|
| 650 |
|
4 |
|a Geophysical features
|x Islands.
|
| 650 |
|
4 |
|a Construction.
|
| 650 |
|
4 |
|a Anthropology
|x Cultural change and history.
|
| 650 |
|
4 |
|a Agriculture
|x Agrarian occupations
|x Herders.
|
| 650 |
|
4 |
|a Agriculture
|x Agrarian life.
|
| 650 |
|
4 |
|a Communities
|x Rural population.
|
| 650 |
|
4 |
|a Social Sciences
|x Anthropology
|x Cultural anthropology.
|
| 651 |
|
6 |
|a Féroé.
|
| 650 |
|
7 |
|a Social conditions
|2 fast
|
| 651 |
|
7 |
|a Faroe Islands
|z Gásadalur
|2 fast
|1 https://id.oclc.org/worldcat/entity/E39PBJr3pH8GJGHwwYXv4Yrcyd
|
| 655 |
|
7 |
|a documentary film.
|2 aat
|
| 655 |
|
7 |
|a Documentary films
|2 fast
|
| 655 |
|
7 |
|a Nonfiction films
|2 fast
|
| 655 |
|
7 |
|a Documentary films.
|2 lcgft
|
| 655 |
|
7 |
|a Nonfiction films.
|2 lcgft
|
| 655 |
|
7 |
|a Films autres que de fiction.
|2 rvmgf
|
| 655 |
|
7 |
|a Documentaires.
|2 rvmgf
|
| 700 |
1 |
|
|a Rasmussen, Ulla,
|e director.
|
| 758 |
|
|
|i has work:
|a 1700 metres from the future (MovingImage)
|1 https://id.oclc.org/worldcat/entity/E39PD3MmvphxCx4cvCJfYqPKgq
|4 https://id.oclc.org/worldcat/ontology/hasWork
|
| 856 |
4 |
0 |
|u http://proxy.library.tamu.edu/login?url=https://www.aspresolver.com/aspresolver.asp?AVN2;1879832
|z Connect to this streaming video (Alexander Street Press)
|t 0
|
| 955 |
|
|
|a Alexander Street Press subscription streaming video
|
| 994 |
|
|
|a 92
|b TXA
|
| 999 |
f |
f |
|s d2ce43ef-19f4-4e6c-b094-1870de916187
|i 53459e31-c4e5-4397-b7e9-ce5965108075
|t 0
|
| 952 |
f |
f |
|a Texas A&M University
|b College Station
|c Electronic Resources
|d Available Online
|t 0
|e GN303DL271.F24 S48 1990ev
|h Library of Congress classification
|
| 998 |
f |
f |
|a GN303DL271.F24 S48 1990ev
|t 0
|l Available Online
|